000
00234nam a2200121Ia 4500
100
_a
Martin/Bean
942
_c
RB
654
_a
laravel
245
_a
Laravel 5 essentials
260
_b
PACKT
_c
2015
546
_a
ENGLISH
999
_c
32245
_d
32245